| 000 | 01021cab a22002415a 4500 | ||
|---|---|---|---|
| 001 | L160028 | ||
| 008 | 150113e2016 xxk 000 0 eng d | ||
| 035 | _a(Sirsi) u160028 | ||
| 041 | 0 | _aeng | |
| 050 | _a690.241 | ||
| 100 | 1 | _aClarke, Cathie | |
| 245 | 0 | 0 |
_aLooking after our heritage _h[electronic resource] |
| 260 |
_aLondon _bRICS _c2016 |
||
| 490 |
_aRICS Building Surveying Journal _vMay 2016 - June 2016, 32-33(2) |
||
| 520 | _aExplains how the National Heritage Training Group is creating opportunities for specialist heritage craft skills training. | ||
| 650 | 2 | 4 | _aCRAFTSMANSHIP IN BUILDING CONSERVATION |
| 650 | 2 | 4 | _aNATIONAL HERITAGE |
| 650 | 2 | 4 | _aCAREERS, EDUCATION AND TRAINING |
| 690 | _aConservation and restoration | ||
| 856 | 4 | 0 |
_uhttps://www.rics.org/Global/BSJ-BCJ%20May-June%202016%20Interactive.pdf _zView the article free of charge at www.rics.org... |
| 856 | 4 | 0 |
_uhttps://www.rics.org/Global/BSJ-BCJ%20May-June%202016%20Interactive.pdf _yAvailable free online via Issuu |
| 942 |
_n0 _2ddc |
||
| 999 |
_c85143 _d85143 |
||